| 000 | 01018nam a2200253 i 4500 | ||
|---|---|---|---|
| 001 | 91738 | ||
| 003 | ES-MaACL | ||
| 005 | 20250627063639.0 | ||
| 007 | t| | ||
| 008 | 050210m19171918sp ||||1| spa d | ||
| 080 | _a821.134.1-32"19" | ||
| 100 | 1 |
_aRusiñol, Santiago, _d1861-1931 _9241043 |
|
| 245 | 1 | 3 |
_aEl pueblo gris : _badaptación hecha expresivamente para La novela corta / _cpor su autor Santiago Rusiñol ; traducción de G. Martínez Sierra. |
| 260 |
_aMadrid : _bLa Novela Corta, _c1917-1918. |
||
| 300 |
_a2 v. ; _c20 cm. |
||
| 490 | 1 |
_aLa novela corta ; _v53, 152 |
|
| 530 | _aVol. 2 disponible en formato digital. | ||
| 700 | 1 |
_aMartínez Sierra, Gregorio, _d1881-1947 _978429 |
|
| 830 | 1 |
_aLa novela corta ; _v53, 152 _9182142 |
|
| 852 | 4 |
_aES-MaACL _j2185-F-6-7 _cDEPOF _zRevisado enlace: 23 de Abril de 2025 |
|
| 856 | 4 |
_uhttp://bibliotecavirtual.larioja.org/bvrioja/es/consulta/registro.do?id=1982 _3(v. 2) _yBiblioteca Virtual de La Rioja |
|
| 942 | _2udc | ||
| 999 |
_c91738 _d91738 |
||